01297nam a2200325Ia 4500001001200000003000800012006001900020007001500039008004100054020001500095040002100110035002000131050002400151082001600175245011500191260004100306300001500347490003900362504004100401533015200442650004500594650003700639650003200676655002900708700003400737710001700771830004000788856012600828999001700954ebr10068577CaPaEBRm u cr cn|||||||||040707s2004 dcu sb 000 0 eng d z0821359517 aCaPaEBRcCaPaEBR a(OCoLC)5691068414aHE8635b.C66 2004eb04a384.6/422200aCompetition in international voice communicationsh[electronic resource] /cCarlo Maria Rossotto ... [et al.]. aWashington, DC :bWorld Bank,c2004. avii, 42 p.1 aWorld Bank working paper ;vno. 42 aIncludes bibliographical references. aElectronic reproduction.bPalo Alto, Calif. :cebrary,d2009.nAvailable via World Wide Web.nAccess may be limited to ebrary affiliated libraries. 0aTelecommunicationzDeveloping countries. 0aTelephonezDeveloping countries. 0aCompetition, International. 7aElectronic books.2local1 aRossotto, Carlo Maria,d1970-2 aebrary, Inc. 0aWorld Bank working paper ;vno. 42.40uhttp://site.ebrary.com/lib/rucke/Doc?id=10068577zAn electronic book accessible through the World Wide Web; click to view c28668d28668